| 000 | 00743nam a2200193 a 4500 | ||
|---|---|---|---|
| 001 | 000024677 | ||
| 005 | 20200930023314.0 | ||
| 008 | 110202s1978 ag a r 000 0 spa d | ||
| 040 |
_aDO-SdBNP _bspa _cBNPHU |
||
| 082 |
_ann* _bnn* |
||
| 100 | 1 |
_aDíaz Soto de Mazzei, María Leticia. _950601 |
|
| 245 | 1 | 3 |
_aLa historia de la medicina y el arte / _cMaría Leticia Díaz Soto de Mazzei ; prólogo de Argentino Landaburu. |
| 260 |
_aBuenos Aires : _bEl Ateneo, _c1978. |
||
| 300 |
_a140 p. : _bil. ; _c22 cm. |
||
| 504 | _aBibliografía : 137-140 p. | ||
| 586 | _aLaureado con el "premio Dr. Aníbal Ruiz Moreno" de la Sociedad Argentina de Antropología e Historia Médicas | ||
| 700 | 1 |
_aLandaburu, Argentino, _epról. _950602 |
|
| 049 | _aBNGR | ||
| 999 |
_c24170 _d24170 |
||